000 00530nam a2200169 i 4500
001 23065
003 ES-MaACL
005 20230906152818.0
007 t|
008 021209s1969 sp ||||1| spa d
100 1 _aAlvarado, Julio.
_920593
245 1 3 _aEl balance de la experiencia socialista boliviana
_b: 1952-1964 /
_cpor Julio Alvarado.
260 _aMadrid :
_b[s.n.,
_c1969] (
_fArtes Gráficas y Ediciones)
300 _a462 p. ;
_c21 cm.
852 _aES-MaACL
_jC-48339
_bR.71613
852 _aES-MaACL
_jL-3424
_bR.104107
999 _c23065
_d23065